| 000 | 01312cad a22002175a 4500 | ||
|---|---|---|---|
| 001 | E144511 | ||
| 008 | 080724s2008 xxk f l s000 0 eng d | ||
| 035 | _a(Sirsi) u144511 | ||
| 041 | 0 | _aeng | |
| 110 | 2 |
_aUnited Kingdom _kLaws, etc _95044 |
|
| 245 | 0 | 4 |
_aThe Housing (Scotland) Act 2006 (Consequential Provisions) Order 2008 _h[electronic resource] |
| 260 |
_aLondon _b[s.n.] _c2008 |
||
| 490 | 0 |
_aSI _v2008: 1889 |
|
| 520 | _aRelates to liability for material loss suffered by the purchaser of a house as a result of a prescribed survey report not meeting the requirements set out in Article 3 paragraph (2) of the Order. A prescribed survey report is defined in the Order as a document prescribed under section 104(1) of the Housing (Scotland) Act 2006 which contains information both about the physical condition of a house and its value. Articles 2 and 3 relate to Scotland only; otherwise the Order applies to the UK as a whole. Comes into force 1 October 2008. | ||
| 590 | _aKA NTK | ||
| 650 | 2 | 4 | _aHOUSING (SCOTLAND) ACT 2006 |
| 651 | 4 |
_aScotland _y1999- |
|
| 690 | _aPROPERTY-RESIDENTIAL PROPERTY-ACQUISITION AND DISPOSAL OF RESIDENTIAL PROPERTY | ||
| 856 | 4 | 1 |
_uhttps://www.opsi.gov.uk/si/si2008/uksi_20081889_en_1 _zView the statutory instrument free of charge at www.opsi.gov.uk... |
| 942 | _n0 | ||
| 999 |
_c108525 _d108525 |
||